<The> Non-sovereign Territories: Economic and Environmental Challenges of Sectoral and Geographic Over-specialisation in Tourism and Financial Services
Analýza ekonomických a geografických čŕt krajín bez štátnej suverenity v kontexte výzvy hospodárskeho rastu, ktorým malé ekonomiky čelia. Charakteristika cestovného ruchu - kľúčové segmenty. Finančné služby, zdroje a výroba.
Salvato in:
| Autore principale: | |
|---|---|
| Altri autori: | |
| Natura: | Capitolo di libro |
| Lingua: | inglese |
| Soggetti: | |
| Tags: |
Nessun Tag, puoi essere il primo ad aggiungerne!!
|
MARC
| LEADER | 00000naa a2200000 4500 | ||
|---|---|---|---|
| 001 | 0277652 | ||
| 005 | 20210803092157.3 | ||
| 041 | 0 | |a eng | |
| 044 | |a GB | ||
| 245 | 1 | 0 | |a <The> Non-sovereign Territories: Economic and Environmental Challenges of Sectoral and Geographic Over-specialisation in Tourism and Financial Services |c Harvey Armstrong, Robert Read |
| 520 | |a Analýza ekonomických a geografických čŕt krajín bez štátnej suverenity v kontexte výzvy hospodárskeho rastu, ktorým malé ekonomiky čelia. Charakteristika cestovného ruchu - kľúčové segmenty. Finančné služby, zdroje a výroba. | ||
| 610 | 2 | 0 | |a rast hospodársky |
| 610 | 2 | 0 | |a služby finančné |
| 610 | 2 | 0 | |a ruch cestovný |
| 610 | 2 | 0 | |a suverenita štátna |
| 610 | 2 | 0 | |a ekonomika environmentálna |
| 100 | 1 | |a Armstrong, Harvey | |
| 700 | 1 | |a Read, Robert | |